| 000 | 00338nam a22001337a 4500 | ||
|---|---|---|---|
| 020 | _qHB. | ||
| 040 | _cFIZZA ISHAQ | ||
| 082 |
_a005.133 _bROB |
||
| 100 |
_aKRUSE, L. ROBERT. _989662 |
||
| 245 |
_aDATA STRUCTURE AND PROGRAM DESIGN IN C / _cROBERT L. KRUSE. |
||
| 260 |
_bPRENTICE HALL, _c1996. |
||
| 300 | _a671 P. ; | ||
| 942 |
_2ddc _cBK |
||
| 999 |
_c588288 _d588288 |
||